| 000 | 00566cam a2200229ua 4500 | ||
|---|---|---|---|
| 020 | _c6.00 | ||
| 041 |
_amal _h |
||
| 082 |
_a530.12 _bRYD/QU |
||
| 100 | _aRydnii, V . | ||
| 245 |
_aQuantum balathantrathinte harisree / _cV Rydnik. _hTextual Documents |
||
| 250 |
_a1 / _b. |
||
| 260 |
_aThiruvananthapuram : _bState Instititute of Languages , _c1972. |
||
| 300 | _a235 ; . | ||
| 365 | _a6.00 | ||
| 504 | _a | ||
| 942 | _cBK | ||
| 999 |
_c6211 _d6211 |
||